| 000 | 00808nam a22003377a 4500 | ||
|---|---|---|---|
| 001 | BR9606167 | ||
| 003 | BR-BrBNA | ||
| 005 | 20230928095246.0 | ||
| 007 | ta | ||
| 008 | 230509b bl.||||| |||| 00| 0 por d | ||
| 040 |
_aBR-BrBNA _bpor _cBiblioteca Nacional de Agricultura |
||
| 041 | _a(Por) | ||
| 072 | _aF01; F04; F30 | ||
| 090 | _ F01 BR9606167 | ||
| 100 | 1 | _aPrata, F. da C. | |
| 245 | 1 | _aPrincipais culturas do nordeste, v. 1 | |
| 260 | 3 |
_aFortaleza, CE (Brasil): _c1969. |
|
| 300 | _a192 p. | ||
| 500 | _a42 illus. | ||
| 650 | _aAlgodao | ||
| 650 | _aMilho | ||
| 650 | _aFeijao | ||
| 650 | _aMamona | ||
| 650 | _aGergelim | ||
| 650 | _aAmendoim | ||
| 650 | _aFumo | ||
| 650 | _aAdubacao | ||
| 650 | _aPratica Cultural | ||
| 909 |
_a202309 _bLucia _c55 _dLucia Elande |
||
| 942 | _cBK | ||
| 999 |
_c55480 _d55480 |
||